000 00314nam a22001097a 4500
008 170118b xxu||||| |||| 00| 0 eng d
020 _a9780833090133
041 _aeng
080 _a618.2
245 _aIMPROVING DEVELOPMENT TEAMS TO SUPPORT DELIBERATE DEVELOPMENT OF AIR FORCE OFICERS
_cHANSER, L.M
942 _2udc
_cBK
999 _c3063
_d3063